00401nam a2200109Ia 4500008004100000100004400041245006100085260001900146942000700165999001700172952010200189210107s9999 xx 000 0 und d aChopra, Sunil ; Meindl, Peter [et. al.] 0aSupply Chain Management strategy, planning and operation aDelhibPearson cBK c11704d11704 00104070aCLbCLd2021-01-07l5m1o658.5 C549pPM07577r2026-04-15s2026-04-09w2021-01-07yBK